000 00412cam a22001217a 4500
008 180718b1968 xxu||||| |||| 00| 0 eng d
082 _aA81x54 In2/61/10/Pt 10/2-12
100 _aCensus of India 1961
245 _aMaharashtra: cities of Maharashtra census tables
260 _aDelhi
_bThe Manager of Publications
_c1968
300 _a650+p.
440 _aCensus of India 1961. Volume X, Maharashtra. Part X (ii-xii)
999 _c484307
_d484307